Statistics for The Ultimate Under the Dome Characters Quiz

Click here to take the quiz!

General Stats

  • This quiz has been taken 34 times
  • The average score is 15 of 27

Answer Stats

ClueActorCharacter% Correct
A used car salesman and town councillor of Chester's Mill who becomes a central authority figure after the dome comes down.Dean Norris"Big" Jim Rennie
100%
Former U.S. Special Forces operator. Trapped under the dome while collecting debts in Chester's Mill.Mike VogelDale "Barbie" Barbera
100%
The son of Dean Norris' character who becomes a deputy policeman after the dome descends.Alexander KochJames "Junior" Rennie
93%
Genius teenager with a knack for computers and electronics.Colin FordJoe McCallister
93%
Disgraced journalist from Chicago, moved to Chester's Mill to rebuild her career with her husband. Later falls for Mike Vogel's character.Rachelle LafevreJulia Shumway
93%
Was passing through Chester's Mill when the dome descended with her two mothers. Later becomes the love interest of Colin Ford's character.MacKenzie LintzEleanor "Norrie" Calvert-Hill
79%
Sister of Colin Ford's character who was a waitress at the Sweetbriar Rose.Britt RobertsonAngie McCallister
71%
Local radio DJ who becomes town sheriff. Informs the people that they are under a dome.Nicholas StrongPhil Bushey
64%
Uncle of Alexander Koch's character and former boyfriend of Grace Victoria Cox's character. One of the original four to touch the egg in the 80's.Eddie CahillSam Verdreaux
64%
Deputy policewoman at Chester's Mill, later promoted to Sheriff after the dome comes down.Natalie MartinezLinda Esquivel
61%
Local Barber who was among the original four teenagers who found the Egg in the 1980's. Had a relationship with Sherry Stringfield's character.Dwight YoakamLyle Chumley
61%
A hacker and computer technician at Aktaion and apprentice to Sherry Stringfield's character who flees his job to help those beneath the dome.Max EhrichHunter May
57%
One of the original four teenagers to find the egg in the 80's. After touching the egg she is accidentally killed. Revived after the dome came downGrace Victoria CoxMelanie Cross
54%
Science teacher at the local high school. She leads research into the dome and manages food resources.Karla CromeRebecca Pine
54%
Biological mother of Mackenzie Lintz' character and a psychiatrist. One of the few people beneath the dome with medical training.Samantha MathisDr. Alice Calvert
50%
Owner of the Sweetbriar Rose, who uses her business as a gathering point after the dome comes down.Beth BroderickRose Twitchell
50%
Non-biological, adoptive mother of Mackenzie Lintz' character. Becomes a member of the Kinship and is one of only four to revert from it.Aisha HindsCarolyn Hill
46%
Young, long haired, skateboarding college student and friend of Colin Ford's character.John ElvisBen Drake
43%
Engineer at the radio station who picks up radio signals from outside the dome.Jolene PurdyDodee Weaver
43%
One of the Aktaion anthropologists to find the egg. Becomes mother to the queen of the Kinship after having a relationship with Mike Vogel's character.Kylie BunburyEva Sinclair
39%
Wife of Dean Norris' character and one of the original four teenagers to find the egg in the 80's. Faked her death and returned later to Chester's Mill.Sherry StringfieldPauline Verdreaux-Rennie
39%
Anthropologist dispatched by Aktaion to research the Egg. Touches the Egg, causing the dome to encapsulate Chester's Mill. The leader of the Kinship.Marg HelgenbergerChristine Price
32%
A middle aged resident of Chester's Mill who stockpiles food as a survivalist. Informs other characters of suspicious behaviour near her home.Dale RaoulAndrea Grinnell
29%
Father of Mike Vogel's character and the owner of Aktaion Energy.Brett CullenDon Barbera
25%
Replaces Max Ehrich's character as computer technician at Aktaion when he flees. Later finds her way under the dome for her own safety.Gia MantangnaLily Walters
25%
CEO of Aktaion who sent the anthropologists to research the egg. He flees beneath the dome and tries to prevent the Kinship from leaving.Eriq La SalleHektor Martin
14%
An armed agent of Aktaion who leads the guards keeping watch on the dome and communicates with those inside. Finds his way inside with a scientist.Mike WhaleyMalick
4%

Score Distribution

Percentile by Number Answered

Percent of People with Each Score

Your Score History

You have not taken this quiz